Мобилизация и эффективное использование налогового потенциала Российской Федерации (Запись № 11638690)
[ простой вид ]
| 000 -МАРКЕР | |
|---|---|
| контрольное поле | 02058nam0a2200361 4500 |
| 001 - ИДЕНТИФИКАТОР ЗАПИСИ | |
| контрольное поле | RU\NLR\BIBL_A\012048486 |
| 005 - ИДЕНТИФИКАТОР ВЕРСИИ | |
| контрольное поле | 20241101024945.0 |
| 010 ## - МЕЖДУНАРОДНЫЙ СТАНДАРТНЫЙ НОМЕР КНИГИ (ISBN) | |
| Номер (ISBN) | 9785912922589 |
| Тираж | 500 |
| 021 ## - НОМЕР ГОСУДАРСТВЕННОЙ РЕГИСТРАЦИИ | |
| Код страны | российская федерация |
| Номер | 2019-39893 |
| Номер Листа государственной регистраци | КН-П-2925 |
| 035 ## - ДРУГИЕ СИСТЕМНЫЕ НОМЕРА | |
| Идентификатор записи | (RuMoRGB)009995244 |
| 035 ## - ДРУГИЕ СИСТЕМНЫЕ НОМЕРА | |
| Идентификатор записи | (NLR Aleph) 012048486 |
| 100 ## - ДАННЫЕ ОБЩЕЙ ОБРАБОТКИ | |
| Данные общей обработки | 20190628d2019 k y0rusy50 ca |
| 101 0# - ЯЗЫК РЕСУРСА | |
| Язык текста, звукозаписи и т.д. | русский |
| 102 ## - СТРАНА ПУБЛИКАЦИИ ИЛИ ПРОИЗВОДСТВА | |
| Страна публикации | российская федерация |
| 105 ## - ПОЛЕ КОДИРОВАННЫХ ДАННЫХ: ТЕКСТОВЫЕ МАТЕРИАЛЫ, МОНОГРАФИЧЕСКИЕ | |
| Кодированные данные о монографическом текстовом документе | a|||zzzz000zy |
| 200 1# - ЗАГЛАВИЕ И СВЕДЕНИЯ ОБ ОТВЕТСТВЕННОСТИ | |
| Основное заглавие | Мобилизация и эффективное использование налогового потенциала Российской Федерации |
| Параллельное заглавие | Mobilization and effective use of the tax potential of the Russian Federation |
| Сведения, относящиеся к заглавию | монография |
| Первые сведения об ответственности | М. Д. Сулейманов, В. А. Кашин |
| Язык параллельного заглавия | английский |
| 210 ## - ПУБЛИКАЦИЯ, РАСПРОСТРАНЕНИЕ И ДР. | |
| Место издания, распространения и т.д. | Москва |
| Имя издателя, распространителя и т. д. | Креативная экономика |
| Дата издания, распространения и т.д. | 2019 |
| 215 ## - ФИЗИЧЕСКАЯ ХАРАКТЕРИСТИКА | |
| Специфическое обозначение материала и объем | 329, [2] с. |
| Другие сведения о физической характеристике | табл. |
| Размеры | 21 |
| 300 ## - ОБЩИЕ ПРИМЕЧАНИЯ | |
| Текст примечания | Авт. также на англ. яз.: Minkail D. Suleymanov, Vladimir A. Kashin |
| 300 ## - ОБЩИЕ ПРИМЕЧАНИЯ | |
| Текст примечания | На 4-й с. обл. авт.: М. Д. Сулейманов, к.э.н., В. А. Кашин, д.э.н., проф. |
| 320 ## - ПРИМЕЧАНИЯ О НАЛИЧИИ В ДОКУМЕНТЕ БИБЛИОГРАФИИ / УКАЗАТЕЛЯ | |
| Текст примечания | Библиогр.: с. 316-320 (63 назв.) |
| 510 1# - ПАРАЛЛЕЛЬНОЕ ЗАГЛАВИЕ | |
| Связь между полями | z22790 |
| Параллельное заглавие | Mobilization and effective use of the tax potential of the Russian Federation |
| Язык заглавия | английский |
| 606 1# - НАИМЕНОВАНИЕ ТЕМЫ КАК ПРЕДМЕТ | |
| Наименование темы | Налоги |
| Географический подзаголовок | Российская Федерация |
| Системный номер авторитетной/нормативной записи | 2073626 |
| Идентификатор авторитетной/нормативной записи | RU\NLR\AUTH\661248549 |
| 610 0# - НЕКОНТРОЛИРУЕМЫЕ ПРЕДМЕТНЫЕ ТЕРМИНЫ | |
| Предметный термин | налоговый потенциал |
| 686 1# - ИНДЕКСЫ ДРУГИХ КЛАССИФИКАЦИЙ | |
| Индекс | У26(2)141.3 |
| 700 #1 - ИМЯ ЛИЦА - ПЕРВИЧНАЯ ОТВЕТСТВЕННОСТЬ | |
| Графика поля | Кириллица |
| Материалы, к которым относится поле | rus |
| Начальный элемент ввода | Сулейманов |
| Часть имени, кроме начального элемента ввода | М. Д. |
| Дополнения к именам, кроме дат | канд. экон. наук |
| Расширение инициалов личного имени | Минкаил Джабраилович |
| Системный номер авторитетной/нормативной записи | 208280 |
| Идентификатор авторитетной/нормативной записи | RU\NLR\AUTH\770208333 |
| 701 #1 - ИМЯ ЛИЦА - АЛЬТЕРНАТИВНАЯ ОТВЕТСТВЕННОСТЬ | |
| Графика поля | Кириллица |
| Материалы, к которым относится поле | rus |
| Начальный элемент ввода | Кашин |
| Часть имени, кроме начального элемента ввода | В. А. |
| Дополнения к именам, кроме дат | д-р экон. наук |
| Расширение инициалов личного имени | Владимир Анатольевич |
| Системный номер авторитетной/нормативной записи | 208289 |
| Идентификатор авторитетной/нормативной записи | RU\NLR\AUTH\770208342 |
| 790 #1 - ИМЯ ЛИЦА - АЛЬТЕРНАТИВНАЯ ФОРМА | |
| Графика поля | Латинская |
| Материалы, к которым относится поле | rus |
| Начальный элемент ввода | Sulejmanov |
| Часть имени, кроме начального элемента ввода | M. D. |
| Дополнения к именам, кроме дат | канд. экон. наук |
| Расширение инициалов личного имени | Minkail Džabrailovič |
| Системный номер авторитетной/нормативной записи | 208283 |
| Идентификатор авторитетной/нормативной записи | RU\NLR\AUTH\770208336 |
| 790 #1 - ИМЯ ЛИЦА - АЛЬТЕРНАТИВНАЯ ФОРМА | |
| Графика поля | Латинская |
| Материалы, к которым относится поле | rus |
| Начальный элемент ввода | Kašin |
| Часть имени, кроме начального элемента ввода | V. A. |
| Дополнения к именам, кроме дат | д-р экон. наук |
| Расширение инициалов личного имени | Vladimir Anatol'evič |
| Системный номер авторитетной/нормативной записи | 208293 |
| Идентификатор авторитетной/нормативной записи | RU\NLR\AUTH\770208346 |
| 942 ## - ДОПОЛНИТЕЛЬНЫЕ ЭЛЕМЕНТЫ ЗАПИСИ (АБИС) | |
| Тип экземпляра АБИС | Книга |
| 980 ## - КОЛЛЕКЦИЯ | |
| Название коллекции | НБР |
Нет доступных экземпляров.